000 00660nam a2200289Ia 4500
005 20260324135837.0
008 008 260324s9999 xx 000 0 eng d
020 _a9781315052311
037 _aEBOOK
040 _aCRL
040 _beng
040 _cCRL
041 _2eng
041 _aeng
084 _qCRL
100 _aSebastian D.G. Knowles
_91202133
245 0 _aBronze by Gold
245 4 _bThe Music of Joyce
260 _bTaylor and Francis
260 _c1999
365 _a
365 _b230
856 _uhttp://www.taylorfrancis.com/books/9781315052311
942 _cEBOOK
999 _c1803615
_d1803615